GETS Theological Seminary Library

They met at Calvary: (Record no. 13676)

MARC details
000 -LEADER
fixed length control field 00467nam a2200169Ia 4500
008 - FIXED-LENGTH DATA ELEMENTS--GENERAL INFORMATION
fixed length control field 200819s9999||||xx |||||||||||||| ||und||
041 ## - LANGUAGE CODE
Language code of text/sound track or separate title eng
050 ## - LIBRARY OF CONGRESS CALL NUMBER
Classification number BT453
Item number .S3 1956
100 ## - MAIN ENTRY--PERSONAL NAME
Personal name Sangster, W. E.
245 #0 - TITLE STATEMENT
Title They met at Calvary:
Remainder of title were you there? /
Statement of responsibility, etc. W. E. Sangster
260 ## - PUBLICATION, DISTRIBUTION, ETC.
Place of publication, distribution, etc. New York :
Name of publisher, distributor, etc. Abingdon Press,
Date of publication, distribution, etc. 1956
300 ## - PHYSICAL DESCRIPTION
Extent 111 p.
Other physical details ;
Dimensions 20 cm.
650 ## - SUBJECT ADDED ENTRY--TOPICAL TERM
Topical term or geographic name entry element Atonement.
650 ## - SUBJECT ADDED ENTRY--TOPICAL TERM
Topical term or geographic name entry element Jesus Christ Passion.
650 ## - SUBJECT ADDED ENTRY--TOPICAL TERM
Topical term or geographic name entry element Jesus Christ.
Holdings
Withdrawn status Lost status Damaged status Not for loan Home library Current library Shelving location Date acquired Total Checkouts Full call number Barcode Date last seen Price effective from Koha item type
        GETS Theological Seminary Library GETS Theological Seminary Library General Stacks 08/19/2020   BT453 .S3 1956 00003606 08/19/2020 08/19/2020 English Books
OpacCredits

Contact the Librarian, GETS Library
Email: library@mygets.org









Implemented by GETS Library
(Powered by ETCA Professional Group)
GETS Theological Seminary
412 E. Rowland Street, CA 91723